000 00798nam a22002657a 4500
001 BR7909340
003 BR-BrBNA
005 20230928090459.0
007 ta
008 230509b bl.||||| |||| 00| 0 por d
040 _aBR-BrBNA
_bpor
_cBiblioteca Nacional de Agricultura
041 _a(Por)
072 _aP32
_b/G500
090 _ P32 BR7909340
110 1 _aDepartamento Nacional da Producao Mineral, Brasilia, DF (Brasil)
_93217
245 1 _aTectonic map of south america 1:500 000. Explanatory note [classificacao do solo, idade, paleontologia]
260 3 _aBrasilia, DF (Brasil):
_c1978.
300 _a23 p.
650 _aCLASSIFICACAO DO SOLO
650 _aIDADE
650 _aPALEONTOLOGIA
650 _aAMERICA DO SUL
909 _a202309
_bLucia
_c55
_dLucia Elande
942 _cBK
999 _c29016
_d29016